000 00667nam a2200217 a 4500
001 000046263
005 20201002052739.0
008 150713s1974 dr 000 0 spa d
040 _aDO-SdBNP
_bspa
_cBNPHU
082 _axxxx
_bxxxx
100 1 _aAscuasiati, Carlos
_98509
245 1 0 _aDiez años de economia dominicana /
_cCarlos Ascuasiati.
250 _a3a ed.
260 _aSanto Domingo :
_bTaller,
_c1974.
300 _a43 p. ;
_c21 cm.
490 1 _aBiblioteca taller
_v34
490 1 _aDebate
_v1
500 _aIncluye referencias bibliográficas y notas al pie de las páginas.
830 0 _aBiblioteca taller.
_n34
_974281
830 0 _aDebate.
_n1
_974282
999 _c45752
_d45752